| 000 | 01376nam a2200241Ia 4500 | ||
|---|---|---|---|
| 003 | Ost | ||
| 005 | 20260507074850.0 | ||
| 008 | 260507s9999||||xx |||||||||||||| ||und|| | ||
| 020 | _a775433797 | ||
| 040 | _cfsecg | ||
| 041 | _aara | ||
| 082 | _a330 | ||
| 100 |
_aعمر، أيمن علي _eمؤلف |
||
| 245 | 0 |
_aقراءات في سلوك المستهلك / _c أيمن علي عمر |
|
| 260 |
_aالاسكندرية: _bالدار الجامعية, _c2006 |
||
| 300 |
_a283 صفحة؛ _bإيضاحات ؛ _c25 سم |
||
| 504 | _aبيبليوغرافيا: ص.283 | ||
| 520 | _aيضم أساسيات سلوك المستهلك، تقسيم الأسواق والسلع لزيادة تفهم سلوك المستهلك، النظريات المختلفة لتفسير سلوك المستهلك، دوافع الشراء لدى المستهلكين، محددات سلوك الفرد، المجالات الاقتصادية والسلوكية المؤثرة على سلوك المستهلك، الاعلان وتغيير سلوك المستهلك، صياغة الاستراتيجية التسويقية في ضوء سلوك المستهلكين، سلوك المستهلك بعد الشراء، الاغراق وحماية المستهلك وحقوقه | ||
| 653 | _aالاقتصاد | ||
| 653 | _aالسلوك | ||
| 653 | _aالمستهلكون | ||
| 942 | _cكتاب | ||
| 999 |
_c41558 _d41558 |
||